000 00552nam a22002177a 4500
003 UA-OsUOA
001 51807
007 ta
008 20080122b un ||||| |||| 00| 0 ukr d
100 _aРойл Тревор
090 _a32
_bР-65
942 _cSA
040 _aUA-OsUOA
_bukr
_cUA-OsUOA
_dUA-OsUOA
245 _aНАТО доведеться мати справу з "класичним ведмедем"
300 _aС.3
955 _a0
041 _aukr
080 _a32
773 0 _w51611
650 7 _a32 Політика
_2UDC
999 _c337914
_d337914